000 00519nam a2200181Ia 4500
005 20250326124146.0
008 250326s9999 xx 000 0 und d
037 _aTextbook
040 _aFMSL
_beng
_cFMSL
041 _aeng
_2eng
084 _aX:51 L2
_qFMSL
100 _aN C A E R
245 0 _aNew perspectives in marketing
_cN C A E R
260 _aNew Delhi
_bNew Delhi, National Council of Applied Economic Research
_c1972
300 _a204p
942 _cTB
_hX:51 L2
999 _c1272533
_d1272533